Majesty & mischief ; a mixed tribute to F. D. R.

Bibliographic Details
Main Author: White, William Smith
Format: Book
Language:English
Published: New York : McGraw-Hill, [1961]
Edition:[1st ed.].
Subjects:

MARC

Tag First Indicator Second Indicator Subfields
LEADER 00000cam a2200000 4500
001 in00000252575
005 20151010053315.0
008 740129s1961 nyu 00000beng
010 |a  61015917  
035 |a (OCoLC)00785126 
035 |9 ABC4008AM 
040 |a DLC  |c KSU  |d TXA  |d UtOrBLW 
049 |a TXAM  |c [339717] 
050 0 0 |a E807  |b .W545 
082 0 |a 923.173 
100 1 |a White, William Smith. 
245 1 0 |a Majesty & mischief ;  |b a mixed tribute to F. D. R. 
250 |a [1st ed.]. 
264 1 |a New York :  |b McGraw-Hill,  |c [1961] 
300 |a 221 pages ;  |c 22 cm. 
336 |a text  |b txt  |2 rdacontent 
337 |a unmediated  |b n  |2 rdamedia 
338 |a volume  |b nc  |2 rdacarrier 
600 1 0 |a Roosevelt, Franklin D.  |q (Franklin Delano),  |d 1882-1945. 
999 |a MARS 
999 f f |s c7b48725-a52e-3e84-99ec-2e7acacf45b2  |i cb978a9a-44a5-3ce1-88b7-07b10fd364ff  |t 0 
952 f f |p ric  |a Texas A&M University  |b Rellis Campus  |c Joint Library Facility  |d Remote Storage  |t 0  |e E807 .W545  |h Library of Congress classification  |i unmediated -- volume  |m A14802256840 
998 f f |a E807 .W545  |t 0  |l Remote Storage